Najwięcej medali Mistrzostw Świata - Statystyki

Ogólne statystyki
  • Ten quiz został rozwiązany 357 razy
  • Średni wynik to 4 z 10
Statystyki odpowiedzi
Zawodnik % Poprawnych
5 Stefan Kraft
82%
3 Janne Ahonen
63%
1 Gregor Schlierenzauer
48%
2 Thomas Morgenstern
44%
7 Matti Nykanen
40%
4 Martin Schmitt
32%
6 Wolfgang Loitzl
22%
8 Jens Weissflog
20%
10 Anders Bardal
19%
9 Ari-Pekka Nikkola
8%
Nie znaleziono quizów pasujących do podanych kryteriów
Rozkład punktacji
Procent ludzi z każdym wynikiem
Percentyl według liczby udzielonych odpowiedzi
Twoja historia wyników
Nie rozwiązałeś tego quizu